00475nam a2200181 a 450000100060000000300090000600800410001502000150005604000280007108200100009910000290010924500350013826000420017330000100021549000190022565000240024465000250026817709CO-ViMGA141112s2004 ck r 000 u spa d a9580451273 aCO-ViMGAbspacCO-ViMGA04aDIAcu1 aDiaz Granados, Jose Luis10aCuentos y leyendas de Colombia aBarcelona (España), cNorma, c1999 a90.p. aTorre de papel14aCUENTOS COLOMBIANOS14aLEYENDAS COLOMBIANAS